Ministros de Colombia 2016 Quiz Stats

 Plays Quiz not verified by Sporcle

Support Sporcle.
Go Orange.
Score 0/17 Timer 10:00
0 Plays Today
Ministerio Ministro % Correct
Ministro de educación???
100%
Ministro de hacienda y crédito publico???
50%
Ministro de justicia y del derecho???
50%
Ministro de ambiente???
50%
Ministro de Vivienda Ciudad y Territorio???
50%
Ministro de las TICS???
50%
Ministro de transporte???
50%
Ministro de interior???
25%
Ministro de relaciónes exteriores???
25%
Ministerio Ministro % Correct
Ministro de defensa nacional???
25%
Ministro de agricultura???
25%
Ministro de salud y protección social???
25%
Ministro de trabajo???
25%
Ministro de minas y energía???
25%
Ministro de comercio y turismo???
25%
Ministro de cultura???
25%
Ministro de la presidencia???
25%

You're not logged in!

Compare scores with friends on all Sporcle quizzes.
OR
Log In
Forgot?

From the Vault

Famous Females' Co-Stars II

by Larryholmes79

They should put all of these actresses all together in one movie, it would be like the female version of The Expendables.
Remove Ads.
Support Sporcle.
Get the best of Sporcle when you Go Orange. This ad-free experience offers more features, more stats, and more fun while also helping to support Sporcle. Thank you for becoming a member.

Show Comments

Extras

Created Jan 19, 2016ReportNominate
Tags:2016, colombia, Ministry

Top Quizzes Today


Score Distribution

Your Account Isn't Verified!

In order to create a playlist on Sporcle, you need to verify the email address you used during registration. Go to your Sporcle Settings to finish the process.

Report this User

Report this user for behavior that violates our Community Guidelines.

Details: